00520nam a22002177a 450000500170000001000110001702000100002803500110003803700160004904000120006508200130007710000210009024500730011124600060018426000310019027000110022130000200023250000200025265000080027265000220028020170124105959.0 a177875 c00.00 a177875 bCen Lib/Ret aDPLbEN a341bPAN aPanhuys H.F. Van aThe Role of nationality in international law /cby H.F. Van Panhuys  b  bA.W. Sythoffc1959aLeyden bLeyden a255p.c22cm(Hb) aIncludes index  alaw aInternational law